000 00672nas a2200253 4500
001 BR9200159
003 BR-BrBNA
005 20231205092224.0
007 ta
008 230509b bl.|||p| |||| 00| 00por d
040 _aBR-BrBNA
_bpor
_cBiblioteca Nacional de Agricultura
041 _a(Pt)
072 _aP33
100 1 _aAzevedo, A.M.G. de
245 1 _aO cromo na bebida do cafe
650 _aCAFE
650 _aCROMO
650 _aANALISE QUIMICA
650 _aCAMPINAS
650 _aSAO PAULO
773 0 _tCafeicultura Moderna (Brazil)
_x
_g(Jul-Aug 1988), v. 1(2) p. 9-10
_wBR9200159
909 _a202311
_bLúcia
_c55
_dLúcia Elande
942 _2AGRIS
_n0
_cANA
999 _c130187
_d130187